|
|
|
|
| LEADER |
00000nab a2200000 a 4500 |
| 001 |
vtls000625310 |
| 003 |
SK-MaSNL |
| 005 |
20260303192744.0 |
| 008 |
160324c1997 xo 0 slo |
| 015 |
|
|
|a SNBRB19rr/mm-uuuuu
|
| 035 |
|
|
|a CL0625449
|
| 040 |
|
|
|a SNKBUCL
|b slo
|c SNKBUCL
|e AACR2
|
| 041 |
0 |
|
|a slo
|
| 044 |
|
|
|a xo
|c SK
|
| 080 |
|
|
|a 796.325.093.1
|2 1981
|
| 100 |
1 |
|
|a (ku)
|4 aut
|9 838355
|
| 245 |
1 |
0 |
|a Slovensko-Česko 1:3 (-7, 11, -5, -9)
|b Prípravné stretnutie volejbalistiek
|c (ku)
|
| 650 |
0 |
7 |
|a volejbal
|2 snkbucl
|9 3294
|
| 655 |
|
7 |
|a články z novín a časopisov
|2 snkbucl
|9 267496
|
| 773 |
0 |
|
|t Šport
|g Roč. 51, č. 140 (19. 6. 1997), s. 4
|
| 850 |
|
|
|a Slovenská národná knižnica v Martine
|a MTA001
|
| 852 |
|
|
|a SNK
|b KIS3GCP
|
| 958 |
|
|
|a SK
|
| 958 |
|
|
|a CZ
|
| 958 |
|
|
|a RK
|
| 958 |
|
|
|a RBX
|
| 999 |
|
|
|c 2148556
|d 2150486
|